[Event "Pan American Intercollegiate-chT"]
[Site "Dulles"]
[Date "2022.01.07"]
[Round "3.4"]
[White "Hoshino, Karen M"]
[Black "Graif, William"]
[Result "0-1"]
[WhiteElo "1805"]
[BlackElo "2333"]
[PlyCount "62"]
[EventDate "2022.01.06"]
[EventType "team-swiss"]
[EventRounds "6"]
[EventCountry "USA"]
[SourceTitle "EXT 2023"]
[Source "ChessBase"]
[SourceDate "2022.10.05"]
[SourceVersion "1"]
[SourceVersionDate "2022.10.05"]
[SourceQuality "1"]
[WhiteTeam "St Louis Univ III"]
[BlackTeam "Chicago Univ"]
[WhiteTeamCountry "USA"]
[BlackTeamCountry "USA"]

1. d4 Nf6 2. c4 e6 3. Nc3 Bb4 4. e3 0-0 5. Nge2 c6 6. a3 Ba5 7. b4 Bc7 8. e4 d5 9. cxd5 exd5 10. e5 Ne8 11. Ng3 f6 12. exf6 Qxf6 13. Be3 Nd6 14. Bd3 Bf5 15. Bxf5 Nxf5 16. Nxf5 Qxf5 17. 0-0 Nd7 18. Qb1 Qh5 19. g3 Qh3 20. Ne2 Nf6 21. f3 Nh5 22. Ra2 Rf6 23. Bg5 Rf5 24. f4 Raf8 25. b5 cxb5 26. Rc1 Bd6 27. Qxb5 h6 28. Qd7 hxg5 29. Qxd6 gxf4 30. Nxf4 Nxf4 31. gxf4 Qe3+ 0-1

[Event "Speed Chess (Women) Q1"]
[Site "Chess.com INT"]
[Date "2021.05.28"]
[Round "7"]
[White "Hoshino, Karen M"]
[Black "Komiagina, Maria"]
[Result "0-1"]
[WhiteElo "1836"]
[BlackElo "2241"]
[PlyCount "89"]
[EventDate "2021.05.28"]
[EventType "swiss (blitz)"]
[EventRounds "9"]
[EventCountry "USA"]
[SourceTitle "CBM 202 Extra"]
[Source "ChessBase"]
[SourceDate "2021.07.31"]
[SourceVersion "1"]
[SourceVersionDate "2021.07.31"]
[SourceQuality "1"]

1. d4 Nf6 2. c4 e6 3. Nc3 Bb4 4. e3 0-0 5. Bd3 Re8 6. Nge2 b6 7. 0-0 Bb7 8. e4 Bxc3 9. Nxc3 d6 10. Bg5 h6 11. Bh4 e5 12. d5 Nbd7 13. f4 exf4 14. Bxf6 Qxf6 15. Ne2 Qxb2 16. Rxf4 Ne5 17. Rb1 Qa3 18. Rb3 Qc5+ 19. Kh1 a6 20. Qf1 Re7 21. Ng3 Bc8 22. Be2 Bd7 23. Nf5 Bxf5 24. Rxf5 Qd4 25. Rf4 Rae8 26. Rg3 Ng6 27. Rxg6 fxg6 28. Bg4 Rxe4 29. Be6+ R8xe6 30. Rf8+ Kh7 31. dxe6 Rxe6 32. h3 Rf6 33. Rxf6 Qxf6 34. Qd3 Qa1+ 35. Kh2 Qxa2 36. Qd5 Qe2 37. Kg1 Qe3+ 38. Kf1 Qc5 39. Qd3 b5 40. h4 Qxc4 41. Ke2 Qxd3+ 42. Kxd3 c5 43. g4 g5 44. h5 g6 45. hxg6+ 0-1

[Event "Pan American Intercollegiate-chT"]
[Site "Chess.com INT"]
[Date "2021.01.06"]
[Round "9"]
[White "Hoshino, Karen M"]
[Black "Yang, Christopher"]
[Result "0-1"]
[WhiteElo "1836"]
[BlackElo "2139"]
[PlyCount "110"]
[EventDate "2021.01.04"]
[EventType "team-swiss (rapid)"]
[EventRounds "9"]
[EventCountry "USA"]
[SourceTitle "CBM 200 Extra"]
[Source "ChessBase"]
[SourceDate "2021.03.31"]
[SourceVersion "1"]
[SourceVersionDate "2021.03.31"]
[SourceQuality "1"]
[WhiteTeam "St Louis Univ II"]
[BlackTeam "Princeton"]
[WhiteTeamCountry "USA"]
[BlackTeamCountry "USA"]

1. d4 Nf6 2. c4 e6 3. Nc3 Bb4 4. e3 d5 5. Nf3 0-0 6. Bd3 c5 7. 0-0 cxd4 8. exd4 dxc4 9. Bxc4 b6 10. Bg5 Bb7 11. Be2 Nbd7 12. Rc1 Rc8 13. Ne5 Bxc3 14. Bxf6 Nxf6 15. bxc3 Qc7 16. Bf3 Rfd8 17. Re1 Bd5 18. Qe2 Qb7 19. c4 Bxf3 20. Nxf3 h6 21. h3 Rc7 22. Rc2 Rdc8 23. Ne5 Nd7 24. Rec1 Nxe5 25. Qxe5 Rd7 26. c5 bxc5 27. dxc5 Rd5 28. Qe3 Qc6 29. Rc4 Kh7 30. Qc3 Rc7 31. Rg4 f5 32. Rc4 e5 33. Qe3 e4 34. Kh2 Rcd7 35. h4 Rf7 36. Qf4 Rc7 37. Qe3 Qf6 38. g3 Rc6 39. Kg2 Rd3 40. Qe2 Qe5 41. R1c2 Rg6 42. Qe1 Rc6 43. R4c3 Qd5 44. Kh2 Rd1 45. Qe3 Ra1 46. Rd2 Qe5 47. a3 Rb1 48. Qd4 Qe6 49. Qd5 Qf6 50. Qd4 Qg6 51. Qe5 Qg4 52. Rd5 Rf6 53. Rd6 Qe2 54. Rxf6 Qxf2+ 55. Kh3 Rh1# 0-1

[Event "Pan American Intercollegiate-chT"]
[Site "Chess.com INT"]
[Date "2021.01.05"]
[Round "6"]
[White "Raja, Harshit"]
[Black "Hoshino, Karen M"]
[Result "1/2-1/2"]
[WhiteElo "2472"]
[BlackElo "1836"]
[PlyCount "68"]
[EventDate "2021.01.04"]
[EventType "team-swiss (rapid)"]
[EventRounds "9"]
[EventCountry "USA"]
[SourceTitle "CBM 200 Extra"]
[Source "ChessBase"]
[SourceDate "2021.03.31"]
[SourceVersion "1"]
[SourceVersionDate "2021.03.31"]
[SourceQuality "1"]
[WhiteTeam "Missouri Univ"]
[BlackTeam "St Louis Univ II"]
[WhiteTeamCountry "USA"]
[BlackTeamCountry "USA"]

1. e4 c5 2. Nf3 d6 3. d4 cxd4 4. Nxd4 Nf6 5. Nc3 a6 6. Bg5 Nbd7 7. Qe2 Qc7 8. 0-0-0 e6 9. f4 Be7 10. g4 b5 11. Bg2 Bb7 12. e5 dxe5 13. fxe5 Nd5 14. Bxe7 Nxc3 15. bxc3 Kxe7 16. Bxb7 Qxb7 17. Rhf1 Qc7 18. Qe3 h6 19. g5 Rac8 20. g6 fxg6 21. Nxe6 Qxc3 22. Qxc3 Rxc3 23. Nf4 Rc6 24. e6 Ne5 25. Rfe1 g5 26. Nd5+ Kxe6 27. Nb4 Rd6 28. Nd3 Rd5 29. Re3 Rf8 30. Rde1 Rf5 31. Nb4 Rd6 32. Nd3 Rd5 33. Nb4 Rd6 34. Nd3 Rd5 1/2-1/2

[Event "Online Olym Div3 A"]
[Site "Chess.com INT"]
[Date "2020.08.08"]
[Round "5.4"]
[White "Hoshino, Karen M"]
[Black "Shabanaj, Alda"]
[Result "1/2-1/2"]
[WhiteElo "1836"]
[BlackElo "1841"]
[PlyCount "83"]
[EventDate "2020.08.07"]
[EventType "team-tourn (rapid)"]
[EventRounds "9"]
[EventCountry "USA"]
[SourceTitle "CBM 198"]
[Source "ChessBase"]
[SourceDate "2020.10.31"]
[SourceVersion "1"]
[SourceVersionDate "2020.10.31"]
[SourceQuality "1"]
[WhiteTeam "Japan"]
[BlackTeam "Albania"]
[WhiteTeamCountry "JPN"]
[BlackTeamCountry "ALB"]

1. d4 Nf6 2. c4 d6 3. Nc3 g6 4. e4 Bg7 5. f3 0-0 6. Be3 c6 7. Qd2 Qc7 8. Bd3 e5 9. Nge2 Nbd7 10. 0-0 a6 11. Rfd1 Re8 12. a4 Nf8 13. d5 c5 14. a5 N8d7 15. Na4 b6 16. axb6 Nxb6 17. Nxb6 Qxb6 18. Rdb1 a5 19. b4 Qc7 20. b5 Qb6 21. Ra4 Re7 22. Rba1 Rea7 23. Qa2 Nd7 24. Bd2 Bf6 25. Bxa5 Qb7 26. Bc2 Bg5 27. Bb3 Be3+ 28. Kf1 Bd4 29. Bc3 Rxa4 30. Bxa4 Nb6 31. Qc2 Bxc3 32. Nxc3 Nxc4 33. Qc1 Nb6 34. Bb3 Bd7 35. Qb1 Kg7 36. Kf2 Nc8 37. Rxa8 Qxa8 38. Qa2 Qxa2+ 39. Bxa2 Nb6 40. Ke3 f5 41. Kd3 Kf6 42. Bc4 1/2-1/2

[Event "Midwest-ch Collegiate"]
[Site "Columbia"]
[Date "2019.10.05"]
[Round "3"]
[White "Bartochowski, Nicholas J"]
[Black "Hoshino, Karen M"]
[Result "1-0"]
[WhiteElo "2109"]
[BlackElo "1904"]
[PlyCount "57"]
[EventDate "2019.10.04"]
[EventType "swiss"]
[EventRounds "5"]
[EventCountry "USA"]
[SourceTitle "EXT 2020"]
[Source "ChessBase"]
[SourceDate "2019.10.17"]
[SourceVersion "1"]
[SourceVersionDate "2019.10.17"]
[SourceQuality "1"]

1. e4 c5 2. Nf3 d6 3. d4 cxd4 4. Nxd4 Nf6 5. Nc3 a6 6. h3 e5 7. Nde2 h5 8. g3 Nbd7 9. a4 b6 10. Bg2 Bb7 11. Be3 Rc8 12. Nd5 Nxd5 13. exd5 Qc7 14. Rc1 g6 15. 0-0 Bg7 16. c4 a5 17. Nc3 0-0 18. Nb5 Qb8 19. f4 Ba6 20. f5 Bxb5 21. cxb5 Rxc1 22. Qxc1 Qc8 23. Qc6 Qxc6 24. dxc6 Nc5 25. Bxc5 dxc5 26. fxg6 e4 27. gxf7+ Kh8 28. Bxe4 Bxb2 29. c7 1-0

[Event "Midwest-ch Collegiate blitz"]
[Site "Columbia"]
[Date "2019.10.03"]
[Round "2"]
[White "Comsa, Ciprian Mihai"]
[Black "Hoshino, Karen M"]
[Result "1-0"]
[WhiteElo "1835"]
[BlackElo "1904"]
[PlyCount "73"]
[EventDate "2019.10.03"]
[EventType "swiss (blitz)"]
[EventRounds "9"]
[EventCountry "USA"]
[SourceTitle "EXT 2020"]
[Source "ChessBase"]
[SourceDate "2019.10.17"]
[SourceVersion "1"]
[SourceVersionDate "2019.10.17"]
[SourceQuality "1"]

1. e4 c5 2. c3 d5 3. exd5 Qxd5 4. d4 Nf6 5. Nf3 Bg4 6. Be2 e6 7. h3 Bh5 8. 0-0 Nc6 9. Be3 cxd4 10. cxd4 Be7 11. Nc3 Qd8 12. a3 0-0 13. Qb3 Qd7 14. Rfd1 a6 15. Ne5 Qc8 16. Bxh5 Nxh5 17. Rac1 Rd8 18. Na4 Qc7 19. Nc5 Nxe5 20. Nxe6 Qd7 21. Nxd8 Nc6 22. Qxf7+ Kh8 23. Nxc6 bxc6 24. Qxh5 Bf6 25. Qg4 Qd6 26. Bf4 Qd5 27. Qf3 Qxf3 28. gxf3 Kg8 29. Rxc6 Kf7 30. Be5 a5 31. Bxf6 gxf6 32. d5 Rb8 33. d6 Ke8 34. d7+ Kd8 35. Rc8+ Rxc8 36. dxc8Q+ Kxc8 37. Rd5 1-0

[Event "Midwest-ch Collegiate blitz"]
[Site "Columbia"]
[Date "2019.10.03"]
[Round "1"]
[White "Hoshino, Karen M"]
[Black "Ipatov, Alexander"]
[Result "0-1"]
[WhiteElo "1904"]
[BlackElo "2637"]
[PlyCount "42"]
[EventDate "2019.10.03"]
[EventType "swiss (blitz)"]
[EventRounds "9"]
[EventCountry "USA"]
[SourceTitle "EXT 2020"]
[Source "ChessBase"]
[SourceDate "2019.10.17"]
[SourceVersion "1"]
[SourceVersionDate "2019.10.17"]
[SourceQuality "1"]

1. d4 b6 2. c4 Bb7 3. Nc3 e6 4. e4 Bb4 5. Qc2 Nf6 6. Bd3 Bxc3+ 7. bxc3 d6 8. Ne2 e5 9. d5 Na6 10. 0-0 Nc5 11. a4 a5 12. Be3 0-0 13. Ng3 Bc8 14. f4 Ng4 15. Bd2 Qh4 16. Rf3 Nxh2 17. Nf5 Nxf3+ 18. gxf3 Bxf5 19. exf5 Qg3+ 20. Kf1 Qxf3+ 21. Ke1 Nxd3+ 0-1

[Event "Midwest-ch Collegiate blitz"]
[Site "Columbia"]
[Date "2019.10.03"]
[Round "4"]
[White "Hoshino, Karen M"]
[Black "Keisler, Philip Gomory"]
[Result "0-1"]
[WhiteElo "1904"]
[BlackElo "1837"]
[PlyCount "82"]
[EventDate "2019.10.03"]
[EventType "swiss (blitz)"]
[EventRounds "9"]
[EventCountry "USA"]
[SourceTitle "EXT 2020"]
[Source "ChessBase"]
[SourceDate "2019.10.17"]
[SourceVersion "1"]
[SourceVersionDate "2019.10.17"]
[SourceQuality "1"]

1. d4 Nf6 2. c4 e6 3. Nc3 Bb4 4. Qc2 d5 5. a3 Bxc3+ 6. Qxc3 Ne4 7. Qc2 c5 8. dxc5 Nc6 9. cxd5 exd5 10. Nf3 Bf5 11. e3 Ng3 12. Qc3 Nxh1 13. Qxg7 Rf8 14. Bb5 Qe7 15. Bd2 0-0-0 16. b4 Rg8 17. Qh6 Rxg2 18. Bxc6 bxc6 19. Qxc6+ Qc7 20. Qa6+ Kb8 21. Bc3 Bc8 22. Qb5+ Qb7 23. Be5+ Ka8 24. Qf1 Rxf2 25. Qxh1 Rc2 26. Nd4 Rc3 27. b5 Rxe3+ 28. Kd2 Rxe5 29. Rb1 Re4 30. Nc6 Rde8 31. Qf3 Re2+ 32. Kd1 Re1+ 33. Kc2 Rxb1 34. Kxb1 Bd7 35. a4 Bxc6 36. Ka2 Bd7 37. c6 Bxc6 38. bxc6 Qxc6 39. Qxf7 Re2+ 40. Kb3 Qc4+ 41. Ka3 Ra2# 0-1

[Event "Midwest-ch Collegiate blitz"]
[Site "Columbia"]
[Date "2019.10.03"]
[Round "9"]
[White "Hoshino, Karen M"]
[Black "Theodorou, Nikolas"]
[Result "0-1"]
[WhiteElo "1904"]
[BlackElo "2541"]
[PlyCount "58"]
[EventDate "2019.10.03"]
[EventType "swiss (blitz)"]
[EventRounds "9"]
[EventCountry "USA"]
[SourceTitle "EXT 2020"]
[Source "ChessBase"]
[SourceDate "2019.10.17"]
[SourceVersion "1"]
[SourceVersionDate "2019.10.17"]
[SourceQuality "1"]

1. d4 Nf6 2. c4 g6 3. Nc3 Bg7 4. e4 d6 5. f3 0-0 6. Be3 Nbd7 7. Qd2 a6 8. Nh3 c5 9. Nf2 cxd4 10. Bxd4 Ne5 11. Be2 Be6 12. Bxe5 dxe5 13. Qxd8 Rfxd8 14. Rd1 Rd4 15. Nd5 Nxd5 16. exd5 Bd7 17. Rxd4 exd4 18. Kd2 Rc8 19. Bd3 e6 20. dxe6 Bxe6 21. b3 Bh6+ 22. Kd1 b5 23. Ne4 bxc4 24. Bxc4 Bxc4 25. bxc4 d3 26. Nd2 Rb8 27. Nb3 a5 28. Nd2 Rb2 29. Ne4 Rb1# 0-1

[Event "Sao Paulo STD Gansl op"]
[Site "Sao Paulo"]
[Date "2019.05.26"]
[Round "6"]
[White "Lacerda, Vinicius"]
[Black "Hoshino, Karen M"]
[Result "1/2-1/2"]
[WhiteElo "1790"]
[BlackElo "1886"]
[PlyCount "84"]
[EventDate "2019.05.24"]
[EventType "swiss"]
[EventRounds "6"]
[EventCountry "BRA"]
[SourceTitle "CBM 190 Extra"]
[Source "ChessBase"]
[SourceDate "2019.07.15"]
[SourceVersion "1"]
[SourceVersionDate "2019.07.15"]
[SourceQuality "1"]

1. d4 d5 2. Nf3 c5 3. c3 e6 4. Bg5 Qc7 5. Nbd2 Nc6 6. e3 Bd6 7. Bd3 c4 8. Bc2 f5 9. 0-0 Nf6 10. b3 cxb3 11. axb3 Ne4 12. c4 Nxg5 13. Nxg5 Bxh2+ 14. Kh1 Bd6 15. f4 0-0 16. Rc1 Qe7 17. Qf3 Nb4 18. Qh3 h6 19. Ngf3 Nxc2 20. Rxc2 Bd7 21. Ne5 Rf6 22. Ndf3 Bc6 23. c5 Bxe5 24. Nxe5 g5 25. g4 Qg7 26. Rg1 Raf8 27. Ra1 Rd8 28. Rg1 Kf8 29. gxf5 Rxf5 30. Ng4 Ke7 31. Nxh6 Rh8 32. Rh2 Rxh6 33. Qxh6 Qxh6 34. Rxh6 gxf4 35. Rg7+ Kf8 36. Rc7 Kg8 37. Rxe6 f3 38. Re5 Rf6 39. Rg5+ Kf8 40. Rxc6 bxc6 41. Kg1 f2+ 42. Kf1 Rf3 1/2-1/2

[Event "Sao Paulo STD Gansl op"]
[Site "Sao Paulo"]
[Date "2019.05.24"]
[Round "1"]
[White "Hoshino, Karen M"]
[Black "Hoshino, Meilin"]
[Result "1/2-1/2"]
[WhiteElo "1886"]
[BlackElo "1496"]
[PlyCount "138"]
[EventDate "2019.05.24"]
[EventType "swiss"]
[EventRounds "6"]
[EventCountry "BRA"]
[SourceTitle "CBM 190 Extra"]
[Source "ChessBase"]
[SourceDate "2019.07.15"]
[SourceVersion "1"]
[SourceVersionDate "2019.07.15"]
[SourceQuality "1"]

1. d4 d5 2. c4 dxc4 3. e3 Nf6 4. Bxc4 e6 5. Nf3 c5 6. Nc3 Be7 7. 0-0 0-0 8. b3 Nc6 9. dxc5 Bxc5 10. Qe2 Qe7 11. Bb2 b6 12. Rfd1 Bb7 13. Nb5 a6 14. Nbd4 b5 15. Bd3 Nb4 16. Bb1 Rfd8 17. a3 Nbd5 18. b4 Bd6 19. Ba2 Rac8 20. Rac1 h6 21. Ne1 Ne4 22. Rxc8 Rxc8 23. Bxd5 Bxd5 24. Nf5 exf5 25. Rxd5 Nc3 26. Bxc3 Rxc3 27. Qd2 Be5 28. Rd3 Rxd3 29. Qxd3 g6 30. Qd5 Qc7 31. g3 Bb2 32. Kg2 Bxa3 33. Qa8+ Kg7 34. Qxa6 Bxb4 35. Nf3 Qc5 36. Nd4 Qd5+ 37. Kg1 Qe4 38. Qxb5 Bc3 39. Qc5 Qb1+ 40. Kg2 Qe4+ 41. Nf3 Bf6 42. Qc1 g5 43. h3 g4 44. hxg4 fxg4 45. Qc7 Qxf3+ 46. Kf1 Qd1+ 47. Kg2 h5 48. Qc8 Qf3+ 49. Kg1 h4 50. gxh4 Bxh4 51. Qc3+ Bf6 52. Qc7 Qe4 53. Qg3 Qf3 54. Qc7 Bh4 55. Qc3+ Qf6 56. Qd2 g3 57. fxg3 Bxg3 58. Kg2 Be5 59. Qd5 Qg5+ 60. Kf3 Qf5+ 61. Ke2 Kg6 62. e4 Qg4+ 63. Kf2 Qf4+ 64. Ke2 Kg5 65. Qd8+ Bf6 66. Qg8+ Kh5 67. Qxf7+ Kg4 68. Qg6+ Qg5 69. Qxg5+ Kxg5 1/2-1/2

[Event "Sao Paulo Carnaval op"]
[Site "Sao Paulo"]
[Date "2019.03.05"]
[Round "7"]
[White "Moura, Eduardo Henrique B"]
[Black "Hoshino, Karen M"]
[Result "1-0"]
[WhiteElo "2130"]
[BlackElo "1949"]
[PlyCount "57"]
[EventDate "2019.03.02"]
[EventType "swiss"]
[EventRounds "7"]
[EventCountry "BRA"]
[SourceTitle "EXT 2020"]
[Source "ChessBase"]
[SourceDate "2019.10.17"]
[SourceVersion "1"]
[SourceVersionDate "2019.10.17"]
[SourceQuality "1"]

1. e4 c5 2. d4 cxd4 3. c3 dxc3 4. Nxc3 e6 5. Nf3 a6 6. Bc4 b5 7. Bb3 Bb7 8. 0-0 Be7 9. Re1 d6 10. Nd4 Bf6 11. Bxe6 fxe6 12. Nxe6 Qd7 13. Nd5 Kf7 14. Nec7 Ne7 15. Nxa8 Nxd5 16. exd5 Bxa8 17. Bg5 Qf5 18. Bxf6 gxf6 19. Rc1 Bxd5 20. Rc7+ Kf8 21. Qe2 Qe5 22. Rc8+ Kg7 23. Qg4+ Qg5 24. Re7+ Bf7 25. Qxg5+ fxg5 26. Rxh8 Nc6 27. Rxh7+ Kxh7 28. Rxf7+ Kg6 29. Rd7 1-0

[Event "Sao Paulo Carnaval op"]
[Site "Sao Paulo"]
[Date "2019.03.04"]
[Round "6"]
[White "Hoshino, Karen M"]
[Black "Aparecido Silva, Haroldo"]
[Result "1-0"]
[WhiteElo "1949"]
[BlackElo "1829"]
[PlyCount "125"]
[EventDate "2019.03.02"]
[EventType "swiss"]
[EventRounds "7"]
[EventCountry "BRA"]
[SourceTitle "EXT 2020"]
[Source "ChessBase"]
[SourceDate "2019.10.17"]
[SourceVersion "1"]
[SourceVersionDate "2019.10.17"]
[SourceQuality "1"]

1. d4 Nf6 2. c4 e6 3. Nf3 b6 4. e3 Bb7 5. Bd3 Bb4+ 6. Bd2 Qe7 7. 0-0 Bxd2 8. Nbxd2 d6 9. e4 e5 10. d5 Nbd7 11. Rc1 Nc5 12. Bb1 a5 13. Qe2 0-0 14. Ne1 Rfe8 15. Nd3 Nxd3 16. Bxd3 Nd7 17. Rc3 Nf8 18. Bc2 Ng6 19. g3 Bc8 20. Kh1 Rf8 21. Qh5 Bd7 22. f4 f6 23. f5 Nh8 24. g4 Nf7 25. Nf3 Be8 26. Qh4 Ng5 27. Nd2 h6 28. Qg3 Kf7 29. h4 Nh7 30. Nf3 Rh8 31. Rg1 Bd7 32. Kg2 Rag8 33. Kf1 g6 34. Qf2 gxf5 35. gxf5 Rxg1+ 36. Nxg1 Rg8 37. Rg3 Qf8 38. Bd1 Rxg3 39. Qxg3 Qg7 40. Bh5+ Kf8 41. Bg6 Ke7 42. Kf2 Nf8 43. h5 Bc8 44. Qe3 Nd7 45. Kf3 Ba6 46. b3 Nc5 47. Nh3 b5 48. Qc3 bxc4 49. Qxa5 cxb3 50. axb3 Bf1 51. Qxc7+ Nd7 52. Nf2 Qf8 53. Qc1 Ba6 54. Ng4 Qb8 55. Qe3 Qb5 56. Nxh6 Nc5 57. Ng8+ Kd8 58. Nxf6 Nxb3 59. h6 Nd4+ 60. Kg4 Qf1 61. Nh5 Qg2+ 62. Ng3 Be2+ 63. Kg5 1-0

[Event "Sao Paulo Carnaval op"]
[Site "Sao Paulo"]
[Date "2019.03.03"]
[Round "3"]
[White "Nobre, Jailson Altair Barb"]
[Black "Hoshino, Karen M"]
[Result "0-1"]
[WhiteElo "1653"]
[BlackElo "1949"]
[PlyCount "106"]
[EventDate "2019.03.02"]
[EventType "swiss"]
[EventRounds "7"]
[EventCountry "BRA"]
[SourceTitle "EXT 2020"]
[Source "ChessBase"]
[SourceDate "2019.10.17"]
[SourceVersion "1"]
[SourceVersionDate "2019.10.17"]
[SourceQuality "1"]

1. e4 c5 2. Nf3 d6 3. c3 Nf6 4. Be2 Nc6 5. d4 e5 6. d5 Nb8 7. 0-0 Be7 8. Qc2 0-0 9. Nbd2 Bd7 10. b4 Qc7 11. bxc5 Qxc5 12. Nb3 Qc7 13. Ba3 Bg4 14. c4 b6 15. Nh4 Bxe2 16. Qxe2 Nxd5 17. cxd5 Bxh4 18. Rac1 Qe7 19. f4 Bf6 20. f5 Bg5 21. Rc3 Nd7 22. Rc7 Rfc8 23. f6 Bxf6 24. Rfc1 Rxc7 25. Rxc7 Qd8 26. Bxd6 Nc5 27. Rc6 Nb7 28. Ba3 Qd7 29. Qc2 Nd8 30. Rc7 Qg4 31. h3 Qg3 32. Be7 Qe3+ 33. Kh2 Bg5 34. Bxg5 Qxg5 35. Qf2 h5 36. d6 Ne6 37. Rxf7 Nf4 38. Rf5 Qg6 39. Qd2 Rd8 40. g3 Rxd6 41. Qc2 Rd3 42. Qf2 Ne6 43. Rxe5 Ng5 44. Kg2 Nxe4 45. Qf4 Rxg3+ 46. Kf1 Rg1+ 47. Ke2 Nf6 48. Nd4 Qg2+ 49. Kd3 Qxh3+ 50. Kc4 Qc8+ 51. Kd3 Qa6+ 52. Nb5 Qxa2 53. Qf5 Qb1+ 0-1

[Event "Sao Paulo Carnaval op"]
[Site "Sao Paulo"]
[Date "2019.03.02"]
[Round "1"]
[White "Boutin Neto, Mauro Albano"]
[Black "Hoshino, Karen M"]
[Result "0-1"]
[WhiteElo "1426"]
[BlackElo "1949"]
[PlyCount "96"]
[EventDate "2019.03.02"]
[EventType "swiss"]
[EventRounds "7"]
[EventCountry "BRA"]
[SourceTitle "EXT 2020"]
[Source "ChessBase"]
[SourceDate "2019.10.17"]
[SourceVersion "1"]
[SourceVersionDate "2019.10.17"]
[SourceQuality "1"]

1. d4 Nf6 2. Nf3 e6 3. Bf4 d5 4. e3 c5 5. c3 Nc6 6. Nbd2 Be7 7. Bd3 0-0 8. 0-0 b6 9. Ne5 Bb7 10. Bb5 Nxe5 11. dxe5 Nd7 12. Qg4 f5 13. Qe2 Kh8 14. Bg3 c4 15. f4 Nc5 16. Qd1 Nd3 17. Rb1 Bc5 18. Qe2 g5 19. Kh1 Rg8 20. Nf3 Be7 21. Nd4 Rg6 22. Ba4 g4 23. Bc2 Nc5 24. Rbd1 Qc8 25. Ra1 Ne4 26. Kg1 Rh6 27. a4 a6 28. Qd1 Qc7 29. Qe2 Rg8 30. Bxe4 dxe4 31. Rfd1 Bd5 32. Nc2 Rhg6 33. Nb4 Bb7 34. Nc2 h5 35. Qf2 Rh6 36. Bh4 g3 37. hxg3 Bxh4 38. gxh4 Rhg6 39. Ne1 Bd5 40. Rd2 Rg3 41. Qe2 R8g4 42. Qf2 Qg7 43. Rad1 Rxh4 44. Kf1 Rh1+ 45. Ke2 Qg4+ 46. Nf3 exf3+ 47. gxf3 Bxf3+ 48. Qxf3 Qxf3# 0-1

[Event "Sao Paulo Carnaval op"]
[Site "Sao Paulo"]
[Date "2019.03.02"]
[Round "2"]
[White "Hoshino, Karen M"]
[Black "Languidey, Simon Alejandro"]
[Result "0-1"]
[WhiteElo "1949"]
[BlackElo "2422"]
[PlyCount "58"]
[EventDate "2019.03.02"]
[EventType "swiss"]
[EventRounds "7"]
[EventCountry "BRA"]
[SourceTitle "EXT 2020"]
[Source "ChessBase"]
[SourceDate "2019.10.17"]
[SourceVersion "1"]
[SourceVersionDate "2019.10.17"]
[SourceQuality "1"]

1. d4 e6 2. c4 d5 3. Nc3 a6 4. e3 Nf6 5. Nf3 dxc4 6. Bxc4 b5 7. Be2 Bb7 8. 0-0 Nbd7 9. b3 Rc8 10. Bb2 Be7 11. Rc1 0-0 12. h3 c5 13. dxc5 Bxc5 14. Qd2 Qb6 15. Rfd1 Rfd8 16. Qe1 h6 17. Nh2 Bd6 18. Ng4 Bb8 19. Nb1 Rxc1 20. Rxc1 Nxg4 21. Bxg4 Qd6 22. f4 Qe7 23. Nd2 e5 24. Qf2 Nf6 25. Nf1 Nxg4 26. hxg4 exf4 27. exf4 Qe4 28. Re1 Ba7 29. Ne3 Rd1 0-1